000 00579cam a22002053a 4500
001 43606
003 PGUSA
005 20140828084006.0
008 130831s2013||||xxu|||||s|||||000 | eng d
040 _aPGUSA
_beng
042 _adc
100 1 _aMayo, Dermot
245 1 0 _aSport in Abyssinia :
_bThe Mareb and Tackazzee
_h[electronic resource] /
_cDermot Mayo
260 _bProject Gutenberg,
_c2013
506 _aPublic domain in the USA.
516 _aElectronic text
830 0 _aProject Gutenberg
_v43606
856 4 0 _uhttp://www.gutenberg.org/ebooks/43606
942 _cEB
999 _c272857
_d272857